Rapunzel : (Record no. 8302)
[ view plain ]
| 000 -LEADER | |
|---|---|
| fixed length control field | 01490cam a2200397 a 4500 |
| 001 - CONTROL NUMBER | |
| control field | 8302 |
| 003 - CONTROL NUMBER IDENTIFIER | |
| control field | FISKH |
| 005 - DATE AND TIME OF LATEST TRANSACTION | |
| control field | 20250908153214.0 |
| 008 - FIXED-LENGTH DATA ELEMENTS--GENERAL INFORMATION | |
| fixed length control field | 080731s2009 mnua j 000 0 eng |
| 010 ## - LIBRARY OF CONGRESS CONTROL NUMBER | |
| LC control number | 2008032047 |
| 020 ## - INTERNATIONAL STANDARD BOOK NUMBER | |
| International Standard Book Number | 9781434211941 |
| Qualifying information | library binding |
| 020 ## - INTERNATIONAL STANDARD BOOK NUMBER | |
| International Standard Book Number | 9781434213921 |
| 020 ## - INTERNATIONAL STANDARD BOOK NUMBER | |
| International Standard Book Number | 9781434213921 |
| Qualifying information | pbk. |
| 035 ## - SYSTEM CONTROL NUMBER | |
| System control number | 15390703 |
| 040 ## - CATALOGING SOURCE | |
| Original cataloging agency | DLC |
| Transcribing agency | DLC |
| Modifying agency | DLC |
| Language of cataloging | eng |
| 042 ## - AUTHENTICATION CODE | |
| Authentication code | lcac |
| 050 00 - LIBRARY OF CONGRESS CALL NUMBER | |
| Classification number | PZ7.7.P44 |
| Item number | Rap 2009 |
| 082 00 - DEWEY DECIMAL CLASSIFICATION NUMBER | |
| Classification number | 741.5/973 |
| Edition number | 22 |
| 100 1# - MAIN ENTRY--PERSONAL NAME | |
| Personal name | Peters, Stephanie True, |
| Dates associated with a name | 1965- |
| 245 10 - TITLE STATEMENT | |
| Title | Rapunzel : |
| Remainder of title | the graphic novel / |
| Statement of responsibility, etc. | retold by Stephanie Peters ; illustrated by Jeffrey Stewart Timmins. |
| 260 ## - PUBLICATION, DISTRIBUTION, ETC. | |
| Place of publication, distribution, etc. | Minneapolis : |
| Name of publisher, distributor, etc. | Stone Arch Books, |
| Date of publication, distribution, etc. | 2009. |
| 300 ## - PHYSICAL DESCRIPTION | |
| Extent | 33 pages : |
| Other physical details | color illustrations ; |
| Dimensions | 26 cm |
| 490 0# - SERIES STATEMENT | |
| Series statement | Graphic spin |
| 505 ## - FORMATTED CONTENTS NOTE | |
| Formatted contents note | M<br/> |
| 520 ## - SUMMARY, ETC. | |
| Summary, etc. | "Long ago, a beautiful maiden named Rapunzel lived a life of loneliness. Taken at birth by an evil witch, she remained hidden, locked within a giant tower. Then one day, a prince heard her voice through the forest. To reach her, he must climb Rapunzel's lovely locks and avoid being caught by the witch"--Unedited summary from book. |
| 521 ## - TARGET AUDIENCE NOTE | |
| Target audience note | 530<br/> |
| Source | Lexile GN<br/> |
| 521 ## - TARGET AUDIENCE NOTE | |
| Target audience note | M<br/> |
| Source | Raz-Plus<br/> |
| 650 #1 - SUBJECT ADDED ENTRY--TOPICAL TERM | |
| Topical term or geographic name entry element | Graphic novels. |
| 650 #1 - SUBJECT ADDED ENTRY--TOPICAL TERM | |
| Topical term or geographic name entry element | Fairy tales. |
| 650 #1 - SUBJECT ADDED ENTRY--TOPICAL TERM | |
| Topical term or geographic name entry element | Folklore |
| Geographic subdivision | Germany. |
| 655 #0 - INDEX TERM--GENRE/FORM | |
| Genre/form data or focus term | Graphic novels. |
| 700 1# - ADDED ENTRY--PERSONAL NAME | |
| Personal name | Timmins, Jeffrey Stewart, |
| Relator term | illustrator |
| 906 ## - LOCAL DATA ELEMENT F, LDF (RLIN) | |
| a | 7 |
| b | cbc |
| c | orignew |
| d | 1 |
| e | ecip |
| f | 20 |
| g | y-gencatlg |
| 942 ## - ADDED ENTRY ELEMENTS (KOHA) | |
| Source of classification or shelving scheme | Dewey Decimal Classification |
| Koha item type | Books |
| Suppress in OPAC | No |
| Withdrawn status | Lost status | Source of classification or shelving scheme | Damaged status | Not for loan | Collection | Home library | Current library | Shelving location | Date acquired | Total Checkouts | Full call number | Barcode | Date last seen | Copy number | Price effective from | Koha item type |
|---|---|---|---|---|---|---|---|---|---|---|---|---|---|---|---|---|
| Dewey Decimal Classification | Juvenile Fiction | Footprints International School Library Network Toul Kork Campus | Footprints International School Library Network Toul Kork Campus | TK Primary Library Room(4th Floor), Bookcase 3&4, Shelves 17-32, Yellow Books | 09/08/2025 | PET 741.5 PZ7.P44 R | FISTK00680 | 09/08/2025 | 1 | 09/08/2025 | Books |
